A concise history of Pakistan / (Record no. 614542)

000 -LEADER
fixed length control field 01599cam a22003975i 4500
001 - CONTROL NUMBER
control field 23766087
005 - DATE AND TIME OF LATEST TRANSACTION
control field 20250821094744.0
008 - FIXED-LENGTH DATA ELEMENTS--GENERAL INFORMATION
fixed length control field 240708t20242019pk b 001 0 eng
010 ## - LIBRARY OF CONGRESS CONTROL NUMBER
LC control number 2024314390
020 ## - INTERNATIONAL STANDARD BOOK NUMBER
International Standard Book Number 9789697347377
035 ## - SYSTEM CONTROL NUMBER
System control number 23766087
037 ## - SOURCE OF ACQUISITION
Source of stock number/acquisition Library of Congress -- Islamabad Overseas Office
040 ## - CATALOGING SOURCE
Original cataloging agency DLC
Language of cataloging eng
Transcribing agency DLC
Description conventions rda
042 ## - AUTHENTICATION CODE
Authentication code lcode
043 ## - GEOGRAPHIC AREA CODE
Geographic area code a-pk---
-- a-ai---
050 00 - LIBRARY OF CONGRESS CALL NUMBER
Classification number DS382
Item number .K357 2024+
082 ## - DEWEY DECIMAL CLASSIFICATION NUMBER
Classification number 954.91
Author Mark KAZ
100 1# - MAIN ENTRY--PERSONAL NAME
Personal name Kāz̤mī, Muḥammad Raẓā,
Dates associated with a name 1945-
Relator term author.
9 (RLIN) 128536
245 12 - TITLE STATEMENT
Title A concise history of Pakistan /
Statement of responsibility, etc. M.R. Kazimi.
250 ## - EDITION STATEMENT
Edition statement Second edition.
264 #1 - PRODUCTION, PUBLICATION, DISTRIBUTION, MANUFACTURE, AND COPYRIGHT NOTICE
Place of production, publication, distribution, manufacture Karachi :
Name of producer, publisher, distributor, manufacturer Oxford University Press,
Date of production, publication, distribution, manufacture, or copyright notice 2024
264 #4 - PRODUCTION, PUBLICATION, DISTRIBUTION, MANUFACTURE, AND COPYRIGHT NOTICE
Date of production, publication, distribution, manufacture, or copyright notice ©2019
300 ## - PHYSICAL DESCRIPTION
Extent xiv, 530 pages ;
Dimensions 22 cm.
336 ## - CONTENT TYPE
Content type term text
Content type code txt
Source rdacontent
337 ## - MEDIA TYPE
Media type term unmediated
Media type code n
Source rdamedia
338 ## - CARRIER TYPE
Carrier type term volume
Carrier type code nc
Source rdacarrier
504 ## - BIBLIOGRAPHY, ETC. NOTE
Bibliography, etc. note Includes bibliographical references (pages 515-517) and index
520 ## - SUMMARY, ETC.
Summary, etc. A single-volume history of Pakistan spanning from ancient through modern eras—covering Muslim nationalism, major personalities (e.g., Jinnah, Bhutto), diplomatic events like the Simla Agreement, and cultural as well as economic perspectives.
546 ## - LANGUAGE NOTE
Language note In English
651 #0 - SUBJECT ADDED ENTRY--GEOGRAPHIC NAME
Geographic name Pakistan
General subdivision History.
651 #0 - SUBJECT ADDED ENTRY--GEOGRAPHIC NAME
Geographic name India
General subdivision Politics and government
Chronological subdivision 1919-1947.
906 ## - LOCAL DATA ELEMENT F, LDF (RLIN)
a 7
b ibc
c origode
d 3
e ncip
f 20
g y-gencatlg
942 ## - ADDED ENTRY ELEMENTS (KOHA)
Source of classification or shelving scheme
Koha item type Book
Holdings
Withdrawn status Lost status Source of classification or shelving scheme Damaged status Not for loan Permanent Location Current Location Shelving location Date acquired Source of acquisition Cost, normal purchase price Full call number Barcode Date last seen Copy number Cost, replacement price Price effective from Koha item type Total Checkouts Date last checked out Total Renewals
          NUST School of Health Sciences (NSHS) NUST School of Health Sciences (NSHS) General Stacks 08/08/2025 Allied Book Company 1285.00 954.91 KAZ NSHS-2094 08/21/2025 c.1 2570.00 08/08/2025 Book      
          NUST School of Health Sciences (NSHS) NUST School of Health Sciences (NSHS) General Stacks 08/08/2025 Allied Book Company 1285.00 954.91 KAZ NSHS-2095 08/21/2025 c.2 2570.00 08/08/2025 Book      
          NUST School of Health Sciences (NSHS) NUST School of Health Sciences (NSHS) General Stacks 08/08/2025 Allied Book Company 1285.00 954.91 KAZ NSHS-2096 08/21/2025 c.3 2570.00 08/08/2025 Book      
          NUST School of Health Sciences (NSHS) NUST School of Health Sciences (NSHS) General Stacks 08/08/2025 Allied Book Company 1285.00 954.91 KAZ NSHS-2097 11/24/2025 c.4 2570.00 08/08/2025 Book 2 10/31/2025  
          NUST School of Health Sciences (NSHS) NUST School of Health Sciences (NSHS) General Stacks 08/08/2025 Allied Book Company 1285.00 954.91 KAZ NSHS-2098 11/25/2025 c.5 2570.00 08/08/2025 Book 1 10/09/2025 1
© 2023 Central Library, National University of Sciences and Technology. All Rights Reserved.